<?xml version="1.0" encoding="UTF-8"?><?xml-stylesheet type="text/xsl" href="static/style.xsl"?><OAI-PMH xmlns="http://www.openarchives.org/OAI/2.0/" xmlns:xsi="http://www.w3.org/2001/XMLSchema-instance" xsi:schemaLocation="http://www.openarchives.org/OAI/2.0/ http://www.openarchives.org/OAI/2.0/OAI-PMH.xsd"><responseDate>2026-04-28T19:28:04Z</responseDate><request verb="GetRecord" identifier="oai:uvadoc.uva.es:10324/9162" metadataPrefix="marc">https://uvadoc.uva.es/oai/request</request><GetRecord><record><header><identifier>oai:uvadoc.uva.es:10324/9162</identifier><datestamp>2021-06-30T07:31:48Z</datestamp><setSpec>com_10324_6435</setSpec><setSpec>com_10324_5186</setSpec><setSpec>com_10324_29291</setSpec><setSpec>col_10324_6439</setSpec></header><metadata><record xmlns="http://www.loc.gov/MARC21/slim" xmlns:doc="http://www.lyncode.com/xoai" xmlns:xsi="http://www.w3.org/2001/XMLSchema-instance" xmlns:dcterms="http://purl.org/dc/terms/" xsi:schemaLocation="http://www.loc.gov/MARC21/slim http://www.loc.gov/standards/marcxml/schema/MARC21slim.xsd">
<leader>00925njm 22002777a 4500</leader>
<datafield tag="042" ind1=" " ind2=" ">
<subfield code="a">dc</subfield>
</datafield>
<datafield tag="720" ind1=" " ind2=" ">
<subfield code="a">Olteanu, Teodora</subfield>
<subfield code="e">author</subfield>
</datafield>
<datafield tag="260" ind1=" " ind2=" ">
<subfield code="c">2008</subfield>
</datafield>
<datafield tag="520" ind1=" " ind2=" ">
<subfield code="a">El estudio de datos epigráficos y arqueológicos relativos a tres zonas diferentes del Occidente del Imperio Romano nos permite proponer una nueva visión sobre el culto a la diosa romana Victoria y su interpretatio indígena. Hay una estrecha relación entre su culto y los cultos locales a divinidades con atributos parecidos: Trebaruna en Lusitania, Brigantia en Britania y Andarta en Galia.</subfield>
</datafield>
<datafield tag="520" ind1=" " ind2=" ">
<subfield code="a">The study of epigraphic and archaeological data relative to three different areas from the Occidental part of the Roman Empire, allows us to propose a new vision of the cult of roman Victoria and the local interpretatio. There is a tight relationship between her cult and the local cults to divinities with similar attributes: Trebaruna in Lusitania, Brigantia in Britain and Andarta in Galia.</subfield>
</datafield>
<datafield tag="024" ind2=" " ind1="8">
<subfield code="a">BSAA Arqueología: Boletín del Seminario de Estudios de Arqueología, 2008, N.74, pags.197-224</subfield>
</datafield>
<datafield tag="024" ind2=" " ind1="8">
<subfield code="a">1888-976X</subfield>
</datafield>
<datafield tag="024" ind2=" " ind1="8">
<subfield code="a">http://uvadoc.uva.es/handle/10324/9162</subfield>
</datafield>
<datafield tag="024" ind2=" " ind1="8">
<subfield code="a">197</subfield>
</datafield>
<datafield tag="024" ind2=" " ind1="8">
<subfield code="a">74</subfield>
</datafield>
<datafield tag="024" ind2=" " ind1="8">
<subfield code="a">224</subfield>
</datafield>
<datafield tag="024" ind2=" " ind1="8">
<subfield code="a">BSAA Arqueología: Boletín del Seminario de Estudios de Arqueología</subfield>
</datafield>
<datafield ind1=" " ind2=" " tag="653">
<subfield code="a">Arqueología</subfield>
</datafield>
<datafield tag="245" ind1="0" ind2="0">
<subfield code="a">El culto a Victoria y la interpretatio indígena en el occidente de Hispania, Galia y el norte de Britania</subfield>
</datafield>
</record></metadata></record></GetRecord></OAI-PMH>